ARRUPE JESUIT UNIVERSITY

CORONAVIRUS -STOP THE SPREAD - CLEAN,DISINFECT,COVER

Starting with Descartes / (Record no. 119603)

MARC details
000 -LEADER
fixed length control field 01401cam a2200289 a 4500
001 - CONTROL NUMBER
control field 15517807
003 - CONTROL NUMBER IDENTIFIER
control field ARRUPE
005 - DATE AND TIME OF LATEST TRANSACTION
control field 20141016020008.0
008 - FIXED-LENGTH DATA ELEMENTS--GENERAL INFORMATION
fixed length control field 081110s2009 enk b 001 0 eng
010 ## - LIBRARY OF CONGRESS CONTROL NUMBER
LC control number 2008048189
020 ## - INTERNATIONAL STANDARD BOOK NUMBER
International Standard Book Number 9780826446091 (hb)
020 ## - INTERNATIONAL STANDARD BOOK NUMBER
International Standard Book Number 9780826436641 (pb)
040 ## - CATALOGING SOURCE
Original cataloging agency DLC
Transcribing agency DLC
Modifying agency DLC
050 00 - LIBRARY OF CONGRESS CALL NUMBER
Classification number B1854
Item number .P733 2009
082 00 - DEWEY DECIMAL CLASSIFICATION NUMBER
Classification number 194
Edition number 22
300 ## - PHYSICAL DESCRIPTION
Dimensions 22 cm.
100 1# - MAIN ENTRY--PERSONAL NAME
Personal name Prado, C. G.
9 (RLIN) 6776
245 10 - TITLE STATEMENT
Title Starting with Descartes /
Statement of responsibility, etc D. G. Prado.
260 ## - PUBLICATION, DISTRIBUTION, ETC. (IMPRINT)
Place of publication, distribution, etc London ;
-- New York :
Name of publisher, distributor, etc Continuum,
Date of publication, distribution, etc c2009.
300 ## - PHYSICAL DESCRIPTION
Extent vi, 170 p. ;
504 ## - BIBLIOGRAPHY, ETC. NOTE
Bibliography, etc Includes bibliographical references (p. 158-160) and index.
505 0# - FORMATTED CONTENTS NOTE
Formatted contents note Descartes and his project -- The first meditation: methodological doubt -- The second meditation: the cogito -- The third meditation: the causal argument for god's existence -- A brief interlude -- The fourth meditation: explaining the possibility of error -- The fifth meditation: the ontological argument for god's existence -- The sixth meditation: the world's existence.
600 10 - SUBJECT ADDED ENTRY--PERSONAL NAME
Personal name Descartes, René,
Dates associated with a name 1596-1650.
Title of a work Meditationes de prima philosophia.
9 (RLIN) 6777
650 #0 - SUBJECT ADDED ENTRY--TOPICAL TERM
Topical term or geographic name as entry element First philosophy.
9 (RLIN) 6778
906 ## - LOCAL DATA ELEMENT F, LDF (RLIN)
a 7
b cbc
c orignew
d 1
e ecip
f 20
g y-gencatlg
942 ## - ADDED ENTRY ELEMENTS (KOHA)
Source of classification or shelving scheme Library of Congress Classification
Koha item type Monograph ( Printed materials)
Koha issues (borrowed), all copies 1
Holdings
Withdrawn status Lost status Source of classification or shelving scheme Damaged status Not for loan Home library Current library Date acquired Total Checkouts Full call number Barcode Date last seen Date checked out Price effective from Koha item type
    Library of Congress Classification     ARRUPE LIBRARY ARRUPE LIBRARY 21/01/2014 4 B1854 .P733 2009 464122856 09/10/2017 27/09/2017 21/01/2014 Monograph ( Printed materials)

 

Arrupe Library. PO Box MP320 Mt Pleasant, Harare, Zimbabwe
263 242 745411|librarian@aju.ac.zw